Mencari pertemuan : antologi sajak 33 penyair PELITA

Bibliographic Details
Main Author: Nawawee Mohammad (Author)
Corporate Author: Persatuan Sasterawan Terengganu
Format: Book
Published: Kuala Terengganu : Persatuan Sasterawan Terengganu , 1982
Subjects:

MARC

LEADER 00000cam a2200000 7i4500
001 0000005043
005 20180402093000.0
008 021118n
090 0 0 |a PL5144   |b .M46 1982 
245 0 0 |a Mencari pertemuan :   |b antologi sajak 33 penyair PELITA   |c penyusun, Nawawee Mohammad 
260 2 |a Kuala Terengganu :   |b Persatuan Sasterawan Terengganu ,   |c 1982 
300 |a 176 ms. ; ;   |c 18 sm. 
650 0 |a Malay poetry   |z Terengganu   |x Collections 
700 0 |a Nawawee Mohammad ,   |e author 
710 0 0 |a Persatuan Sasterawan Terengganu 
999 |a 1000031361   |b Book   |c Reference   |e Gong Badak Campus 
999 |a 1000031362   |b Book   |c Reference   |e Gong Badak Campus 
999 |a 1000031363   |b Book   |c Reference   |e Gong Badak Campus 
999 |a 1000031364   |b Book   |c Reference   |e Gong Badak Campus 
999 |a 1000054945   |b Book   |c Reference   |e Gong Badak Campus